Nuevo atlas del cuerpo humano (Registro nro. 5240)

Detalles MARC
000 -CABECERA
campo de control de longitud fija 00479nam a22001697a 4500
003 - IDENTIFICADOR DEL NÚMERO DE CONTROL
campo de control AR-RoIUNI
005 - FECHA Y HORA DE LA ÚLTIMA TRANSACCIÓN
campo de control 20210504123118.0
008 - DATOS DE LONGITUD FIJA--INFORMACIÓN GENERAL
campo de control de longitud fija 210504b xxu||||| |||| 00| 0 spa d
020 ## - NÚMERO INTERNACIONAL ESTÁNDAR DEL LIBRO
Número Internacional Estándar del Libro 9875220841
040 ## - FUENTE DE LA CATALOGACIÓN
Centro/agencia transcriptor AR-RoIUNI
080 ## - NÚMERO DE LA CLASIFICACIÓN DECIMAL UNIVERSAL
Número de la Clasificación Decimal Universal 611.9 NUE
245 1# - MENCIÓN DE TÍTULO
Título Nuevo atlas del cuerpo humano
Resto del título Redactor general: Thomas McCracken; Redactor asistente: Richard Walker
260 ## - PUBLICACIÓN, DISTRIBUCIÓN, ETC. (PIE DE IMPRENTA)
Lugar de publicación, distribución, etc. [Buenos Aires?]
Nombre del editor, distribuidor, etc. Visor
Fecha de publicación, distribución, etc. c2000
300 ## - DESCRIPCIÓN FÍSICA
Extensión 3v.
Dimensiones 35 cm.
650 10 - PUNTO DE ACCESO ADICIONAL DE MATERIA--TÉRMINO DE MATERIA
9 (RLIN) 115
Término de materia o nombre geográfico como elemento inicial Anatomía
942 ## - ELEMENTOS DE PUNTO DE ACCESO ADICIONAL (KOHA)
Fuente del sistema de clasificación o colocación Clasificación Decimal Universal
Tipo de ítem Koha Libros
Existencias
Estado de retiro Estado de pérdida Fuente del sistema de clasificación o colocación Estado dañado Excepción de préstamo Código de colección Localización permanente Ubicación/localización actual Ubicación en estantería Fecha de adquisición Enumeración/cronología de publicación seriada Número de inventario Total de préstamos Signatura topográfica completa Código de barras Fecha visto por última vez Precio válido a partir de Tipo de ítem Koha
    Clasificación Decimal Universal     General BIBLIOTECA CENTRAL BIBLIOTECA CENTRAL BIBLIOTECA CENTRAL 04/05/2021 Tomo 1 6907   611.9 NUE 6907 04/05/2021 04/05/2021 Libros
    Clasificación Decimal Universal     General BIBLIOTECA CENTRAL BIBLIOTECA CENTRAL BIBLIOTECA CENTRAL 04/05/2021 Tomo 2 6908   611.9 NUE 6908 04/05/2021 04/05/2021 Libros
    Clasificación Decimal Universal     General BIBLIOTECA CENTRAL BIBLIOTECA CENTRAL BIBLIOTECA CENTRAL 04/05/2021 Tomo 3 6909   611.9 NUE 6909 04/05/2021 04/05/2021 Libros